000 nam a22 7a 4500
999 _c50995
_d50995
005 20230412112446.0
008 200520b xxu||||| |||| 00| 0 eng d
040 _aANE
041 _aEs
100 _aAntonio QuiƱones Montealegre
245 _aEl impuesto de industria y comercio como un impuesto sobre la renta local
300 _a401 p.
650 _aImpuesto Comercio
650 _aImpuesto Renta
856 _uhttp://documentacion.asambleanacional.gob.ec/alfresco/d/d/workspace/SpacesStore/83d9607b-5122-4e48-8295-44024e3836ee/TESIS%20DOCTORAL%20EL%20IMPUESTO%20DE%20INDUSTRIA%20Y%20COMERCIO%20COMO%20UN%20IMPUESTO%20SOBRE%20LA%20RENTA%20LOCAL.pdf
942 _2ddc
_cBV
_zNr.